[Event "HUN-chT2 Charousek 1819"]
[Site "Hungary"]
[Date "2019.04.28"]
[Round "11.4"]
[White "Jakab, Attila"]
[Black "Gyurkovics, Bence"]
[Result "1/2-1/2"]
[WhiteElo "2368"]
[BlackElo "2273"]
[PlyCount "81"]
[EventDate "2018.09.23"]
[EventType "team-tourn"]
[EventRounds "11"]
[EventCountry "HUN"]
[SourceTitle "EXT 2021"]
[Source "ChessBase"]
[SourceDate "2020.10.23"]
[SourceVersion "1"]
[SourceVersionDate "2020.10.23"]
[SourceQuality "1"]
[WhiteTeam "Ajka Banyasz"]
[BlackTeam "Gyor Szechenyi"]
[WhiteTeamCountry "HUN"]
[BlackTeamCountry "HUN"]

1. d4 Nf6 2. c4 e6 3. Nc3 Bb4 4. e3 b6 5. Bd3 Bb7 6. Nf3 0-0 7. 0-0 c5 8. Qe2 Bxc3 9. bxc3 Be4 10. Rd1 Qc7 11. Nd2 Bxd3 12. Qxd3 d5 13. cxd5 exd5 14. Ba3 Nbd7 15. c4 dxc4 16. Qxc4 Rfc8 17. Rac1 Qb7 18. dxc5 Nxc5 19. Bb2 Ne6 20. Qh4 Rxc1 21. Rxc1 Qd5 22. Nb3 Ne4 23. f3 N4c5 24. Nxc5 Nxc5 25. Qd4 Qxd4 26. Bxd4 Ne6 27. Bb2 Rd8 28. Rc2 Kf8 29. Kf2 Ke8 30. g4 Rd5 31. h4 g6 32. Bf6 Kd7 33. f4 Nc5 34. Kf3 h5 35. g5 Nd3 36. Rc3 Nc5 37. Ra3 a5 38. Bd4 Kc6 39. Bxc5 Rxc5 40. Ke4 Kd6 41. Kd4 1/2-1/2

[Event "HUN-chT2 Charousek 1819"]
[Site "Hungary"]
[Date "2018.12.02"]
[Round "5.4"]
[White "Orso, Miklos"]
[Black "Gyurkovics, Bence"]
[Result "1/2-1/2"]
[WhiteElo "2302"]
[BlackElo "2273"]
[PlyCount "35"]
[EventDate "2018.09.23"]
[EventType "team-tourn"]
[EventRounds "11"]
[EventCountry "HUN"]
[SourceTitle "CBM 189 Extra"]
[Source "ChessBase"]
[SourceDate "2019.06.03"]
[SourceVersion "1"]
[SourceVersionDate "2019.06.03"]
[SourceQuality "1"]
[WhiteTeam "Aquaprofit Nagykanizsa II"]
[BlackTeam "Gyor Szechenyi"]
[WhiteTeamCountry "HUN"]
[BlackTeamCountry "HUN"]

1. Nf3 Nf6 2. c4 e6 3. Nc3 d5 4. cxd5 exd5 5. d4 c6 6. Bg5 Be7 7. e3 h6 8. Bh4 Bf5 9. Bd3 Bxd3 10. Qxd3 0-0 11. Bxf6 Bxf6 12. 0-0 a5 13. Rab1 Nd7 14. Rfc1 Be7 15. Na4 Bd6 16. h3 Qe7 17. Rc2 f5 18. Rbc1 1/2-1/2

[Event "Zalakaros op 35th"]
[Site "Zalakaros"]
[Date "2016.06.03"]
[Round "8"]
[White "Gyurkovics, Bence"]
[Black "Nomin Erdene, Davaademberel"]
[Result "1/2-1/2"]
[WhiteElo "2233"]
[BlackElo "2448"]
[PlyCount "186"]
[EventDate "2016.05.27"]
[EventType "swiss"]
[EventRounds "9"]
[EventCountry "HUN"]
[SourceTitle "CBM 172 Extra"]
[Source "ChessBase"]
[SourceDate "2016.06.21"]
[SourceVersion "1"]
[SourceVersionDate "2016.06.21"]
[SourceQuality "1"]

1. d4 d5 2. c4 c6 3. Nf3 Nf6 4. e3 e6 5. Nbd2 c5 6. cxd5 exd5 7. Bb5+ Bd7 8. Bxd7+ Nbxd7 9. 0-0 Bd6 10. dxc5 Nxc5 11. Nb3 Nce4 12. Nbd4 0-0 13. b3 Qd7 14. Bb2 Rac8 15. Qd3 a6 16. h3 Bb8 17. Rac1 Rxc1 18. Rxc1 Re8 19. Ne2 h6 20. Rd1 Rd8 21. Qd4 b5 22. Ne5 Qb7 23. Ng4 h5 24. Nxf6+ Nxf6 25. Qh4 Qb6 26. Bxf6 Qxf6 27. Qxf6 gxf6 28. Nc3 Kg7 29. Nxd5 f5 30. Kf1 Re8 31. h4 Re4 32. g3 Re8 33. Ke2 Be5 34. Nb4 Re6 35. Rd5 Kf6 36. Nd3 Bc7 37. Kf3 Bd6 38. Nc5 Bxc5 39. Rxc5 Kg6 40. a4 bxa4 41. bxa4 Kf6 42. Rc4 Rd6 43. Kf4 Re6 44. f3 Kg6 45. a5 Rd6 46. Rc5 f6 47. Rxf5 Rd1 48. Rc5 Ra1 49. g4 hxg4 50. fxg4 Rf1+ 51. Ke4 Rg1 52. g5 Rg4+ 53. Kd3 Rxh4 54. gxf6 Ra4 55. Rf5 Ra3+ 56. Ke4 Kf7 57. Kf4 Ra1 58. e4 Ra4 59. Rc5 Kxf6 60. Rc6+ Ke7 61. Rxa6 Ra1 62. Ke5 Kd7 63. Ra7+ Kd8 64. Ke6 Kc8 65. a6 Kb8 66. Rb7+ Kc8 67. Rb6 Kd8 68. e5 Ra2 69. Kf7 Rf2+ 70. Rf6 Rh2 71. a7 Ra2 72. Kg8 Ke7 73. Kg7 Rg2+ 74. Rg6 Ra2 75. Kh6 Kf8 76. Rf6+ Ke8 77. Rg6 Kf8 78. Rf6+ Ke8 79. Re6+ Kf7 80. Rd6 Rxa7 81. Kg5 Ra1 82. Kf5 Rf1+ 83. Ke4 Ke7 84. Rd3 Ke6 85. Rd6+ Ke7 86. Ra6 Re1+ 87. Kf5 Rf1+ 88. Kg6 Rg1+ 89. Kh7 Rh1+ 90. Kg7 Rg1+ 91. Rg6 Rxg6+ 92. Kxg6 Ke6 93. Kg7 Kxe5 1/2-1/2

[Event "Zalakaros op 35th"]
[Site "Zalakaros"]
[Date "2016.05.27"]
[Round "1"]
[White "Kantor, Gergely"]
[Black "Gyurkovics, Bence"]
[Result "0-1"]
[WhiteElo "2424"]
[BlackElo "2233"]
[PlyCount "174"]
[EventDate "2016.05.27"]
[EventType "swiss"]
[EventRounds "9"]
[EventCountry "HUN"]
[SourceTitle "CBM 172 Extra"]
[Source "ChessBase"]
[SourceDate "2016.06.21"]
[SourceVersion "1"]
[SourceVersionDate "2016.06.21"]
[SourceQuality "1"]

1. d4 Nf6 2. c4 e6 3. g3 d5 4. Nf3 Be7 5. Bg2 0-0 6. 0-0 dxc4 7. Qc2 a6 8. a4 Bd7 9. Qxc4 Bc6 10. Bg5 a5 11. Nc3 Na6 12. Bxf6 Bxf6 13. e4 Nb4 14. Rfd1 Rc8 15. Rac1 Qe8 16. b3 b6 17. e5 Be7 18. Ne1 Bxg2 19. Nxg2 c6 20. Ne3 Qd7 21. f4 Nd5 22. Qd3 g6 23. Nexd5 cxd5 24. Nb5 Bb4 25. Kf1 Rc6 26. Rxc6 Qxc6 27. Qe2 h5 28. Kf2 Kg7 29. Kf3 Rh8 30. Qd3 Rd8 31. Ke3 Rh8 32. h3 Rd8 33. Rf1 Rh8 34. Rh1 Qd7 35. Rc1 Rc8 36. Rc2 Rc6 37. Ke2 Kf8 38. Kd1 Ke8 39. g4 hxg4 40. hxg4 Rxc2 41. Qxc2 Kd8 42. Qh2 Qe7 43. Qh7 Kc8 44. Ke2 Kd7 45. Kf3 Ke8 46. f5 gxf5 47. gxf5 exf5 48. Qxf5 Qh4 49. Kg2 Qe1 50. Nc7+ Kd8 51. Nxd5 Qe2+ 52. Kh3 Be7 53. Nxb6 Qe3+ 54. Kg2 Qe2+ 55. Kh3 Qe3+ 56. Kg2 Qe2+ 57. Kg3 Qe1+ 58. Kh2 Qe2+ 59. Kg1 Qe1+ 60. Kg2 Qe2+ 61. Qf2 Qg4+ 62. Kf1 Qd1+ 63. Kg2 Qg4+ 64. Qg3 Qe2+ 65. Kh3 Qh5+ 66. Kg2 Qe2+ 67. Kh1 Qf1+ 68. Kh2 Qe2+ 69. Qg2 Qh5+ 70. Kg3 Qg6+ 71. Kf3 Qxb6 72. Qg8+ Kd7 73. Qg4+ Qe6 74. d5 Qxg4+ 75. Kxg4 f6 76. d6 Bd8 77. Kf5 fxe5 78. Kxe5 Bh4 79. Kd5 Be1 80. Kc5 Bb4+ 81. Kd5 Bxd6 82. Kc4 Kc6 83. Kd4 Ba3 84. Kc4 Bc5 85. Kd3 Kd5 86. Kc3 Ke4 87. Kc4 Bb4 0-1

[Event "HUN-chT2 Breyer 1516"]
[Site "Hungary"]
[Date "2015.10.04"]
[Round "2.2"]
[White "Bokros, Albert"]
[Black "Gyurkovics, Bence"]
[Result "1-0"]
[WhiteElo "2482"]
[BlackElo "2215"]
[PlyCount "67"]
[EventDate "2015.09.13"]
[EventType "team-tourn"]
[EventRounds "11"]
[EventCountry "HUN"]
[SourceTitle "CBM 170 Extra"]
[Source "ChessBase"]
[SourceDate "2016.02.25"]
[SourceVersion "1"]
[SourceVersionDate "2016.02.25"]
[SourceQuality "1"]
[WhiteTeam "Biatorbagy"]
[BlackTeam "Gyor UDSE"]
[WhiteTeamCountry "HUN"]
[BlackTeamCountry "HUN"]

1. e4 e5 2. Nf3 Nc6 3. Bb5 Nf6 4. d3 d6 5. c3 g6 6. 0-0 Bd7 7. Re1 Bg7 8. Nbd2 0-0 9. Nf1 Re8 10. Ng3 a6 11. Ba4 b5 12. Bc2 h6 13. h3 d5 14. Be3 Be6 15. Qc1 Kh7 16. a4 dxe4 17. dxe4 Nd7 18. Nf5 Qf6 19. Nxh6 Bxh3 20. Ng5+ Kxh6 21. Nxf7+ Kh7 22. Ng5+ Kh8 23. Nxh3 Nb6 24. Ng5 Nc4 25. b3 Nd6 26. Qd1 Rad8 27. axb5 axb5 28. Qg4 Bh6 29. Ra6 Nb8 30. Ra7 Re7 31. Qh3 Kg7 32. Nh7 Kxh7 33. Qxh6+ Kg8 34. Bg5 1-0

[Event "HUN-chT2 Breyer 1415"]
[Site "Hungary"]
[Date "2015.02.08"]
[Round "?"]
[White "Nagy, Hunor"]
[Black "Gyurkovics, Bence"]
[Result "1/2-1/2"]
[WhiteElo "1986"]
[BlackElo "2207"]
[PlyCount "67"]
[EventDate "2014.09.07"]
[EventType "team-tourn"]
[EventRounds "11"]
[EventCountry "HUN"]
[SourceTitle "EXT 2016"]
[Source "ChessBase"]
[SourceDate "2015.10.08"]
[SourceVersion "1"]
[SourceVersionDate "2015.10.08"]
[SourceQuality "1"]
[WhiteTeam "Szechenyi"]
[BlackTeam "Gyor UDSE"]
[WhiteTeamCountry "HUN"]
[BlackTeamCountry "HUN"]

1. e4 c5 2. Nf3 d6 3. Bb5+ Bd7 4. Bxd7+ Qxd7 5. 0-0 Nc6 6. c4 g6 7. Nc3 Bg7 8. d3 Nf6 9. Bd2 0-0 10. Qc1 Rfe8 11. Ne1 Nd4 12. Rb1 a6 13. Nc2 Ng4 14. Nxd4 Bxd4 15. Nd5 Rab8 16. Be3 e6 17. Nf4 Ne5 18. Bxd4 cxd4 19. Qd2 b5 20. b3 b4 21. Ne2 Qa7 22. h3 Nd7 23. Nf4 a5 24. Rbc1 a4 25. Rb1 Rb7 26. Ne2 axb3 27. Rxb3 Nc5 28. Rxb4 Rxb4 29. Qxb4 Rb8 30. Qd2 e5 31. f4 Qa3 32. fxe5 dxe5 33. Nc1 Ne6 34. Nb3 1/2-1/2

[Event "HUN-chT2 Breyer 1314"]
[Site "Hungary"]
[Date "2013.11.03"]
[Round "4"]
[White "Berek, Geza"]
[Black "Gyurkovics, Bence"]
[Result "1/2-1/2"]
[WhiteElo "2160"]
[BlackElo "2211"]
[PlyCount "58"]
[EventDate "2013.09.08"]
[EventType "team-tourn"]
[EventRounds "9"]
[EventCountry "HUN"]
[SourceTitle "EXT 2016"]
[Source "ChessBase"]
[SourceDate "2015.10.08"]
[SourceVersion "1"]
[SourceVersionDate "2015.10.08"]
[SourceQuality "1"]
[WhiteTeam "Zoltek"]
[BlackTeam "Gyor Komszomol"]
[WhiteTeamCountry "HUN"]
[BlackTeamCountry "HUN"]

1. e4 e5 2. Nf3 Nc6 3. d4 exd4 4. Nxd4 Nf6 5. Nxc6 bxc6 6. e5 Qe7 7. Qe2 Nd5 8. c4 Ba6 9. b3 g6 10. g3 Bg7 11. Bb2 0-0 12. Bg2 Rae8 13. 0-0 Nb6 14. Re1 f6 15. Qe3 Qe6 16. Ba3 Rf7 17. Nc3 Bf8 18. Bxf8 Rfxf8 19. f4 fxe5 20. Qxe5 Qxe5 21. Rxe5 Bb7 22. Rae1 Rxe5 23. Rxe5 d6 24. Ra5 Nc8 25. Bh3 a6 26. f5 Ne7 27. fxg6 hxg6 28. Rg5 Kg7 29. Bg2 Bc8 1/2-1/2